000 00329nam a2200133Ia 4500
008 230411s9999 xx 000 0 und d
041 _aeng
082 _aX/891/JAD/B05577
100 _aJadhav M R
_9113057
245 _aSuwicharancha Amrutwel
260 _bGeneral
_aKolhapur
_c2008
300 _a64p
999 _c156096
_d156096